00589nam a2200193Ia 4500008004100000020001500041082002000056100001500076245003200091250000800123260003800131300002600169500000700195600002000202650002000222942000700242952013100249999001500380240925s9999 xx 000 0 und d a1562057855 a382.6023491 WOR aNew Riders 0aWorld Wide Web Yellow Pages a6th aIndianapolis:bNew Ridersc,1999. ax,541p.bNAfOriginal aNA aSocial Sciences aSocial Sciences cBK 001040708SSaUITUbUITUd1999-05-29eImtiaz & Book g150.00l0o382.6023491 WORpQ2037r2024-09-25 07:12:38w2024-09-25yBK c4536d4536